Visualizzazione normale
Vista MARC
- Chiodi M., Yanez M., Pope Francis, Sowl Cahill L., Bordeyne P., Bricout H.,
di Personal Name
Records bibliografici associati: 1
001 - CONTROL NUMBER
- control field: 60344
003 - CONTROL NUMBER IDENTIFIER
- control field:
005 - DATE AND TIME OF LATEST TRANSACTION
- control field: 20231115113351.0
008 - FIXED-LENGTH DATA ELEMENTS
- fixed length control field: 231115|| aca||aabn | a|a d
040 ## - CATALOGING SOURCE
- Original cataloging agency:
- Transcribing agency:
100 ## - HEADING--PERSONAL NAME
- Personal name: Chiodi M., Yanez M., Pope Francis, Sowl Cahill L., Bordeyne P., Bricout H.,
- Personal name: Muller S., Thomasset A., Martinez J.L., De Tavernier J
670 ## - SOURCE DATA FOUND
- Source citation: Work cat.: ()359911: Brenninkmeijer-Werhahn Aldegonde, Keenan James F. 60343, International Conference on Moral Theology., 2023